| 000 | 02372cam a22006134i 4500 | ||
|---|---|---|---|
| 003 | PE-LiUPU | ||
| 005 | 20250731180051.0 | ||
| 008 | 140622s2012 mx ad f f 001 0 eng d | ||
| 020 | _a6074816212 | ||
| 020 | _a9786074816211 | ||
| 035 | _a(Sirsi) i9786074816211 | ||
| 040 |
_aPE-LiUPU _bspa _cPE-LiUPU _erda |
||
| 041 | 1 |
_aspa _heng |
|
| 049 | _aPRUA | ||
| 082 | 0 | 4 |
_a511 _bE68 |
| 100 | 1 |
_aEpp, Susanna S., _eautor. |
|
| 245 | 1 | 0 |
_aMatemáticas discretas con aplicaciones / _cSusanna S. Epp; traducción Ana Elizabeth García Hernández; revisión técnica Ernesto Filio López. |
| 250 | _aCuarta Edición. | ||
| 264 | 1 |
_aSanta Fe (México) : _bCengage Learning, _c2012. |
|
| 300 |
_apaginacion variada : _bilustraciones ; _c27 centímetros |
||
| 336 |
_atext _2rdacontent |
||
| 337 |
_aunmediated _2rdamedia |
||
| 338 |
_avolume _2rdacarrier |
||
| 500 | _aTraducción del libro de la misma autora. | ||
| 505 | 0 | _aHablando matemáticamente -- La lógica de los enunciados compuestos -- La lógica de enunciados cuantificados -- Teoría elemental de números y métodos de demostración -- Sucesiones, inducción matemática y recurrencia -- Teoría de conjuntos. | |
| 526 | _aSEG44 | ||
| 526 | _aSEG26 | ||
| 526 | _aP159 | ||
| 526 | _aP155 | ||
| 526 | _aP154 | ||
| 526 | _aP153 | ||
| 526 | _aP150 | ||
| 526 | _aP100 | ||
| 526 | _aP31 | ||
| 526 | _aP30 | ||
| 526 | _aP26 | ||
| 526 | _aP25 | ||
| 526 | _aP24 | ||
| 526 | _aP22 | ||
| 526 | _aP15 | ||
| 526 | _aP10 | ||
| 534 |
_pTítulo original : _tDiscrete Mathematics with Applications : _cBrooks/Cole/Cengage.Learning, 2011, _b4th ed. _z9780495391326. |
||
| 650 | 0 | 4 | _aMatemáticas discretas. |
| 650 | 1 | 4 |
_aTeoría de conjuntos. _915 |
| 700 | 1 |
_aFilio López, Ernesto, _erevisión técnica. |
|
| 700 | 1 |
_aGarcía Hernández, Ana Elizabeth, _etraductor. |
|
| 910 | _clch | ||
| 942 |
_2ddc _cBOOK |
||
| 949 |
_a511 E68 _wDEWEY _c1 _i70155 _lCCODEBUL1 _mBUL _p57.00 _r0 _sY _tBOOK _u2015-7-21 _xINGENIERIA _PP04 _0COMPRA _o.STAFF. Colección General |
||
| 994 |
_aC0 _bPEPRU |
||
| 596 | _a1 | ||
| 999 |
_a511 E68 _wDEWEY _c6511 _i70155 _d6511 _e2018-5-27 _f2021-11-30 _g7 _lCCODEBUL1 _mBUL _n5 _p57.00 _q4 _r0 _sY _tBOOK _u2015-7-21 _xINGENIERIA _PP04 _0COMPRA _o.STAFF. Colección General |
||
| 980 |
_81 _gALBERTO SANCHEZ Responsable de Automatización |
||